|
|
|
|
| LEADER |
00689nab a2200181 i 4500 |
| 001 |
misc73912 |
| 005 |
20241018112332.0 |
| 008 |
240209s1962 hu o 000 eng d |
| 040 |
|
|
|a SZTE Miscellanea Repozitórium
|b hun
|
| 041 |
|
|
|a eng
|
| 100 |
2 |
|
|a Szent-Györgyi Albert
|
| 245 |
1 |
3 |
|a On cancer and cancer research
|h [elektronikus dokumentum] /
|c Szent-Györgyi Albert
|
| 260 |
|
|
|a University of Chicago Press
|b Chicago
|c 1962
|
| 300 |
|
|
|a 249-252
|
| 490 |
0 |
|
|a On cancer and hormones : essays in experimental biology
|
| 561 |
|
|
|a Szent-Györgyi Albert tudományos és egyéb írásai
|
| 695 |
|
|
|a Rákkutatás
|
| 856 |
4 |
0 |
|u http://misc.bibl.u-szeged.hu/73912/1/szgya_magyar_289.pdf
|z Dokumentum-elérés
|